[Event "Washington Open Championship"]
[Site "Seattle, WA"]
[Date "2014.05.25"]
[Round "3"]
[White "Peng Brandon  (WA)"]
[Black "Hu Ethan  (WA)"]
[Result "1-0"]
[WhiteElo "1116"]
[BlackElo "534"]
[Annotator ""]
[Source ""]
[Remark "Booster"]

1.d4 Nf6 2.Nf3 e6 3.Bg5 d5 4.c4 c5 5.e3 Nc6 6.Nc3 cxd4 7.exd4
Bb4 8.Qb3 h6 9.Bh4 Bd7 10.Bd3 g5 11.Bg3 Qa5 12.O-O Bxc3 13.Qxc3
O-O-O 14.cxd5 Qxc3 15.bxc3 Nxd5 16.Rfc1 Rhg8 17.Ne5 f5 18.Nxc6
Bxc6 19.h3 f4 20.Bh2 Rge8 21.g3 f3 22.g4 Rh8 23.Be5 Rhf8 24.Be4
Rd7 25.Rab1 Nb6 26.Bxc6 bxc6 27.c4 Rb7 28.c5 Nd5 29.Rxb7 Kxb7
30.Rb1+ Ka6 31.Rb3 Rf7 32.Kh2 Ka5 33.Kg3 Nb4 34.Bb8 a6 35.a3
Nd5 36.h4 Ka4 37.Rd3 Rb7 38.Be5 Rb3 39.Rxb3 Kxb3 40.hxg5 hxg5
41.Kxf3 Kxa3 42.Ke4 a5 43.f4 Nxf4 44.Bxf4 gxf4 45.g5 Kb3 46.g6
f3 47.Kxf3 a4 48.g7 a3 49.g8Q Kb2 50.Qxe6 a2 51.Qxa2+ Kxa2 52.d5
cxd5 53.c6 d4 54.c7 d3 55.c8Q d2 56.Qc2+ Ka3 57.Qxd2 Kb3 58.Qc1
Ka4 59.Qb2 Ka5 60.Ke4 Ka6 1-0

[Event "Washington Open Championship"]
[Site "Seattle, WA"]
[Date "2014.05.25"]
[Round "3"]
[White "Chen Minda  (WA)"]
[Black "Peng Patrick  (WA)"]
[Result "1-0"]
[WhiteElo "689"]
[BlackElo "1206"]
[Annotator ""]
[Source ""]
[Remark "Booster"]

1.e4 e5 2.Nf3 Nf6 3.Nxe5 Qe7 4.d4 d6 5.Nf3 Nxe4 6.Qe2 Bg4 7.h3
Bxf3 8.gxf3 Nf6 9.Nc3 Nc6 10.Qxe7+ Bxe7 11.Be3 O-O 12.O-O-O Nd7
13.Bb5 Nb6 14.h4 Nb4 15.a3 N4d5 16.Nxd5 Nxd5 17.h5 Nxe3 18.fxe3
Bg5 19.f4 Bh6 20.Kb1 c6 21.Bc4 b5 22.Bb3 a5 23.Rde1 Rfe8 24.Re2
Bxf4 25.Rf1 Bh6 {?} ( 25...Rxe3 ) 26.Bxf7+ Kh8 27.Bxe8 Rxe8 28.Ka2
g6 29.hxg6 hxg6 30.Rf6 Kg7 31.Rxd6 Rc8 32.e4 Bf4 33.Rd7+ Kf6
34.e5+ Ke6 35.Rg7 g5 36.Rg6+ Ke7 37.e6 Bd6 38.Rxg5 Kf8 39.Rf5+
Ke7 40.Rf7+ Ke8 41.Rg2 Bf8 42.Rg8 Rb8 43.Rgxf8# 1-0

[Event "Washington Open Championship"]
[Site "Seattle, WA"]
[Date "2014.05.25"]
[Round "2"]
[White "Gellings Michael  (OR)"]
[Black "Jiang Brandon  (WA)"]
[Result "1-0"]
[WhiteElo "986"]
[BlackElo "724"]
[Annotator ""]
[Source ""]
[Remark "Booster"]

1.Nf3 d5 2.c4 Nf6 3.Nc3 e6 4.d4 Bb4 5.Qa4+ Nc6 6.Ne5 Bxc3+ 7.bxc3
O-O 8.Nxc6 bxc6 9.Qxc6 Bd7 10.Qc5 Ne4 11.Qa3 Nd6 12.cxd5 exd5
13.e3 Bb5 14.Bxb5 Nxb5 15.Qc5 Nd6 16.Qxd5 Rc8 17.Ba3 Qf6 18.Bxd6
cxd6 19.c4 Qg6 20.O-O h5 21.h4 Rfe8 22.Rab1 Re4 23.g3 Rxh4 24.Qg2
Rg4 25.Kh2 Rxc4 ( 25...h4 ) 26.Qa8+ Kh7 27.Rb8 Kh6 28.Rh8+ Kg5
29.Qd5+ f5 30.Qxc4 h4 31.Rg1 Kf6 32.Rf8+ Kg5 33.f4+ Kh5 34.Rh8+
Qh6 35.Qf7+ Rg6 36.Rxh6+ Kg4 37.Qxg6+ Kf3 38.Re1 Kf2 39.Rg1 Kxe3
40.gxh4 Kxd4 41.Qxf5 Ke3 42.Rxd6 g6 43.Rdxg6 a5 44.R1g3+ Ke2
45.Qe4+ Kf1 46.Qg2+ Ke1 47.Qb2 Kf1 48.Rg1# 1-0

[Event "Washington Open Championship"]
[Site "Seattle, WA"]
[Date "2014.05.24"]
[Round "2"]
[White "Ovalles Edward  (WA)"]
[Black "Shen Gabriel  (WA)"]
[Result "0-1"]
[WhiteElo "1613"]
[BlackElo "1474"]
[Annotator ""]
[Source ""]
[Remark "Premier"]

1.e4 e6 2.d4 d5 3.Nd2 c5 4.c3 Nc6 5.Ngf3 Nf6 6.e5 Nd7 7.Bb5 Qb6
8.Bxc6 bxc6 9.O-O cxd4 10.cxd4 c5 11.Qb3 cxd4 12.Qxb6 axb6 13.Nb3
Ba6 14.Rd1 Bc4 15.Bf4 Be2 16.Rxd4 Bxf3 17.gxf3 Nc5 18.Nxc5 Bxc5
19.Rdd1 O-O 20.a3 Rac8 21.b4 Be7 22.Rac1 Rc4 23.Rxc4 dxc4 24.Rd7
Bh4 25.Be3 b5 26.Rb7 Rc8 27.Rxb5 c3 28.Rc5 Rxc5 29.bxc5 Kf8 30.Kf1
Ke8 31.Ke2 Kd7 32.Kd3 Kc6 33.Kxc3 Kb5 34.Kb3 f6 35.a4+ Ka5 36.Bd2+
Ka6 37.Kc4 Bxf2 38.exf6 gxf6 39.Kd3 Bxc5 40.Ke4 Bf8 41.Bc3 f5+
42.Kf4 Bd6+ 43.Be5 Be7 44.h3 Ka5 45.Bc3+ Kxa4 46.Ke5 {%02'time'} 0-1

[Event "Washington Open Championship"]
[Site "Seattle, WA"]
[Date "2014.05.25"]
[Round "2"]
[White "Esposito Jason  (NY)"]
[Black "Lawler Aidan  (WA)"]
[Result "1-0"]
[WhiteElo "1259"]
[BlackElo "978"]
[Annotator ""]
[Source ""]
[Remark "Booster"]

1.d4 d5 2.c4 e6 3.Nc3 Nf6 4.Bg5 Be7 5.cxd5 exd5 6.e3 O-O 7.Nf3
Bg4 8.Be2 Nbd7 9.O-O h6 10.Bh4 c5 11.Bxf6 Nxf6 12.Rc1 Rc8 13.Re1
c4 14.Ne5 Bxe2 15.Rxe2 Bd6 16.Nb5 Bxe5 17.dxe5 Ne4 18.f3 Nc5
19.Qd4 Nd3 20.Rf1 a6 21.Nc3 Qg5 22.f4 Qd8 23.Nxd5 Rc5 24.Nc3
Qxd4 25.exd4 Rcc8 26.d5 Rfe8 27.d6 Rcd8 28.Nd5 Nc5 29.Nc7 Rf8
30.Rc2 Ne4 31.Re1 Nc5 32.Rxc4 Ne6 33.Rec1 Nxc7 34.Rxc7 Rfe8 35.Rxb7
Kh7 36.Rxf7 Kg6 37.Rcc7 Rg8 38.g4 Rdf8 39.Rxf8 Rxf8 40.e6 Rxf4
41.d7 Rxg4+ 42.Kf2 Rf4+ 43.Kg3 Rd4 44.e7 Rd3+ 45.Kf4 Rd4+ 46.Ke5 1-0

[Event "Washington Open Championship"]
[Site "Seattle, WA"]
[Date "2014.05.25"]
[Round "2"]
[White "Tien Sophie  (WA)"]
[Black "Smith Claire  (WA)"]
[Result "1-0"]
[WhiteElo "872"]
[BlackElo "451"]
[Annotator ""]
[Source ""]
[Remark "Booster"]

1.e4 e5 2.Nf3 Nf6 3.Nxe5 d6 4.Nf3 Nxe4 5.Qe2 Qe7 6.Nc3 Nxc3 7.dxc3
Qxe2+ 8.Bxe2 Be7 9.O-O O-O 10.Re1 Bf5 11.Bd3 Bxd3 12.cxd3 Nc6
13.Bf4 Rae8 14.h3 b5 15.a3 h6 16.b4 a5 17.Rac1 Bf6 18.Bd2 Ne5
19.Nxe5 Bxe5 20.d4 Bf6 21.bxa5 Rxe1+ 22.Rxe1 c5 23.dxc5 dxc5
24.Rb1 Ra8 25.Rxb5 c4 26.Rc5 Be7 27.Rxc4 Bxa3 28.Rc6
( 28.Ra4 ) Rxa5 29.Rc8+ Bf8 30.c4 Ra1+ 31.Kh2 g5 32.c5 Kg7 33.c6
Bd6+ 34.g3 h5 35.Bc3+ f6 36.Bxa1 h4 37.c7 hxg3+ 38.fxg3 Kf7 39.Rf8+
Bxf8 40.c8Q Bd6 41.Qd7+ Kg6 1-0

[Event "Washington Open Championship"]
[Site "Seattle, WA"]
[Date "2014.05.25"]
[Round "1"]
[White "Levin Scott  (OR)"]
[Black "Feng Roland  (WA)"]
[Result "0-1"]
[WhiteElo "1859"]
[BlackElo "2249"]
[Annotator ""]
[Source ""]
[Remark "Open"]

1.e4 e6 2.d4 d5 3.e5 c5 4.c3 Nc6 5.Nf3 Qb6 6.a3 c4 7.Nbd2 Na5
8.g3 Bd7 9.Bg2 Ne7 10.O-O Qc7 11.h4 Nc8 12.Bh3 Nb6 13.h5 h6 14.Qe2
Be7 15.Nh2 O-O-O 16.f4 Rhg8 17.Ng4 Kb8 18.Nf3 Nb3 19.Rb1 Nxc1
20.Rfxc1 a6 21.Nd2 Ka7 22.Rf1 Qc8 23.Kh2 Rdf8 24.Ne3 f5 25.exf6
gxf6 26.Rf2 Bd6 27.Nf3 Qe8 28.Nh4 Qf7 29.Rg2 Re8 30.b3 e5 31.Bxd7
Qxd7 32.bxc4 exf4 33.c5 Rxe3 34.cxb6+ Ka8 35.Qa2 Rexg3 36.Ng6
Qh3+ 37.Kg1 f3 38.Rxg3 Bxg3 39.Rb2 Re8 {%02'time' with mate in six} 0-1

[Event "Washington Open Championship"]
[Site "Seattle, WA"]
[Date "2014.05.25"]
[Round "2"]
[White "Buchignani Paul  (WA)"]
[Black "Yuen Andrew  (WA)"]
[Result "1-0"]
[WhiteElo "1455"]
[BlackElo "863"]
[Annotator ""]
[Source ""]
[Remark "Reserve"]

1.e4 e5 2.Nf3 Nc6 3.d4 exd4 4.Bc4 Bc5 5.c3 dxc3 6.Bxf7+ Kxf7
7.Qd5+ Ke8 8.Qxc5 cxb2 9.Bxb2 d6 10.Qc3 Nf6 11.O-O Qe7 12.Nbd2
Be6 13.e5 dxe5 14.Nxe5 Bd5 15.Nxc6 Bxc6 16.Rae1 Be4 17.Nxe4 Nxe4
18.Qe3 ( 18.Qc4 ) Rf8 19.Qxe4 Qxe4 20.Rxe4+ Kf7 21.Rd1 Kg8 22.Rd7
Rf7 23.Ree7 Rxe7 24.Rxe7 Rd8 25.g3 Rd2 26.Rxg7+ Kf8 27.Be5 Rxa2
28.Rxc7 b6 29.Rxh7 a5 30.Rb7 Re2 31.f4 Re1+ 32.Kf2 Rh1 33.Kg2
Rb1 34.h4 b5 35.h5 Kg8 36.h6 Rc1 37.h7+ Kf8 38.h8Q# 1-0

[Event "Washington Open Championship"]
[Site "Seattle, WA"]
[Date "2014.05.25"]
[Round "1"]
[White "Yuen Andrew  (WA)"]
[Black "Hasuike Mike  (OR)"]
[Result "0-1"]
[WhiteElo "863"]
[BlackElo "1500"]
[Annotator ""]
[Source ""]
[Remark "Reserve"]

1.e4 Nf6 2.Nc3 d5 3.exd5 Nxd5 4.Nxd5 Qxd5 5.Nf3 Bg4 6.Be2 Nc6
7.d3 g6 8.h3 Bd7 9.O-O Bg7 10.Rb1 Qxa2 11.Nd2 O-O 12.c3 a5 13.Qc2
a4 14.Nf3 Qb3 15.Qxb3 axb3 16.d4 Bf5 17.Be3 Bxb1 18.Rxb1 Ra2
19.Nd2 Na5 20.Bd1 Ra8 21.Bf4 Rc8 22.Nxb3 Nxb3 23.Bxb3 Ra5 24.Re1
Kf8 25.Kh2 Rb5 26.Bc4 Rxb2 27.Bg3 Rc2 28.Re3 c5 29.Rf3 e6 30.Bxe6
Rc6 31.Bxf7 ( 31.Rxf7+ $16 ) Rf6 32.Rxf6 Bxf6 33.Bd5 cxd4 34.cxd4
Bxd4 35.Bxb7 Bxf2 36.Bxf2 Rxf2 37.Kg3 Rb2 38.Bd5 Kg7 39.Kf3 h6
40.g4 g5 41.Bc4 Kf6 42.Bd3 Rb3 43.Ke4 Ra3 44.Ke3 Ke5 45.Kd2 Kf4
46.Bf1 Rf3 47.Be2 Rxh3 48.Ke1 Re3 49.Kf2 Rxe2+ 50.Kxe2 Kxg4 51.Kf2
Kh3 52.Kf3 g4+ 53.Kf2 Kh2 54.Kf1 g3 55.Ke2 g2 56.Kd3 g1Q 57.Ke4
Qc5 58.Kd3 Kg3 59.Ke4 Kf2 60.Kd3 h5 61.Ke4 h4 62.Kd3 Kf3 63.Kd2
Qd5+ 64.Kc3 Ke4 65.Kc2 Ke3 66.Kc1 Qa2 67.Kd1 Qd2# 0-1

[Event "Washington Open Championship"]
[Site "Seattle, WA"]
[Date "2014.05.25"]
[Round "1"]
[White "Peng Brandon  (WA)"]
[Black "Roberge David  (WA)"]
[Result "1-0"]
[WhiteElo "1116"]
[BlackElo "628"]
[Annotator ""]
[Source ""]
[Remark "Booster"]

1.d4 Nf6 2.Nf3 g6 3.Bg5 e6 4.e4 Be7 5.Nc3 d5 6.e5 Ng8 7.Bxe7
Nxe7 8.g3 Nbc6 9.Bg2 b6 10.O-O Bb7 11.Qd2 Qd7 12.a3 O-O-O 13.b4
f5 14.Ng5 Rdf8 15.b5 Nd8 16.a4 h5 17.a5 bxa5 18.Rxa5 Kb8 19.Rfa1
Nc8 20.h4 c6 21.bxc6 Nxc6 22.Rb5 Nxd4 23.Qxd4 a6 24.Rxa6 Kc7
25.Nxe6+ Kb8 26.Nxf8 ( 26.Nc5 ) Rxf8 27.Rxg6 Rh8 28.Qxd5 Qxd5
29.Bxd5 Rh7 30.Bxb7 Rxb7 31.Rg7 Rxb5 32.Nxb5 Nb6 33.Nd4 Nd5 34.c4
Nc3 35.Nc6+ Kc8 36.e6 Ne2+ 37.Kf1 Nxg3+ 38.Rxg3 Kc7 39.e7 1-0

[Event "Washington Open Championship"]
[Site "Seattle, WA"]
[Date "2014.05.25"]
[Round "1"]
[White "Shi Noah  (WA)"]
[Black "Wang Everett  (WA)"]
[Result "0-1"]
[WhiteElo "109"]
[BlackElo "939"]
[Annotator ""]
[Source ""]
[Remark "Booster"]

1.e4 e6 2.d4 d5 3.e5 c5 4.c3 Nc6 5.Nf3 Qb6 6.Bd3 Bd7 7.O-O cxd4
8.cxd4 Nxd4 9.Be3 Nxf3+ 10.Qxf3 Qxb2 11.Nd2 Qxe5 12.Bf4
( 12.Bf4 Qf6 13.Qg3 Bc6 14.Be5 Qh6 15.Bf4 Qh5 16.Nf3 Ne7 17.Nd4
Ba4 18.Be2 Qg6 19.Qa3 Bc6 20.Nxc6 Nxc6 21.Qb3 Bb4 22.a3 Nd4 23.Qa4+
Kd8 24.Qxb4 Nxe2+ 25.Kh1 Nxf4 26.Qxf4 Qf6 27.Qd6+ Ke8 28.Rac1
Rd8 29.Qc7 Qe7 30.Qg3 e5 31.Rfe1 f6 32.Rc2 Kf7 33.Rec1 Rd7 34.Qh3
g6 35.Qh6 Qxa3 36.h3 Qf8 37.Qd2 Qb8 38.Qa5 Rhd8 {0-1, Metso - Computer "Fritz 2", Munich (Germany) 1994}
) Qf6 13.Rab1 Bc6 14.Rfe1 Qd8 15.Rb3 Nf6 16.Bg5 Be7 17.Bb5 h6
18.Bxf6 Bxf6 19.Bxc6+ bxc6 20.Reb1 O-O 21.Nf1 Qc7 22.Ng3 Rab8
23.Nh5 Be5 24.Qg4 Rxb3 25.Rxb3 Rb8 26.f4 Bd4+ 27.Kh1 Rxb3 28.axb3
Qa5 29.h4 Qe1+ 30.Kh2 Qg1+ 31.Kh3 Qh1+ 32.Kg3 g6 33.b4 Kh7 34.f5
Qe1+ 35.Kh3 Qe3+ 36.Kh2 gxh5 37.Qxh5 Be5+ 38.g3 Qxg3+ 39.Kh1
Qh3+ 40.Kg1 Bd4# 0-1

[Event "Washington Open Championship"]
[Site "Seattle, WA"]
[Date "2014.05.25"]
[Round "1"]
[White "Jiang Brandon  (WA)"]
[Black "Esposito Jason  (NY)"]
[Result "0-1"]
[WhiteElo "724"]
[BlackElo "1259"]
[Annotator ""]
[Source ""]
[Remark "Booster"]

1.e4 c6 2.d4 d5 3.e5 Bf5 4.Nc3 e6 5.Nf3 Nd7 6.Bg5 Be7 7.Bd2 Qc7
8.Be2 a6 9.h3 c5 10.Be3 cxd4 11.Bxd4 Bc5 12.Bxc5 Nxc5 13.O-O
Ne7 14.Qd2 O-O 15.Rae1 b5 16.a3 Qb6 17.b4 Ne4 18.Nxe4 Bxe4 19.Ng5
Bg6 20.Bd3 Nf5 21.c3 Ng3 22.Bxg6 fxg6 23.Nxe6 Qxe6 24.fxg3 Rxf1+
25.Kxf1 Rf8+ 26.Kg1 h6 27.Ra1 Qxe5 28.Kh2 Rf5 29.Re1 Qd6 30.Qd4
Rg5 31.Re3 h5 32.h4 Rg4 33.Qa7 Rxh4+ 34.Kg1 Re4 35.Rxe4 dxe4
36.Qa8+ Kh7 37.Qxe4 Qxg3 38.c4 bxc4 39.Qxc4 Qxa3 40.Qc5 h4 41.Qe7
Qg3 42.Qe2 h3 43.Qf2 Qxf2+ 44.Kxf2 h2 45.Kg3 h1Q 46.Kf2 Qh4+
47.Kg1 Qxb4 48.Kf2 a5 49.Ke3 a4 50.Kd3 a3 51.Kc2 a2 52.Kc1 a1Q+
53.Kc2 Qa2+ 54.Kd3 Qaa3+ 55.Ke2 Qbb2+ 56.Kf1 Qaa1# 0-1

[Event "Washington Open Championship"]
[Site "Seattle, WA"]
[Date "2014.05.25"]
[Round "1"]
[White "Shaji Karthik  (WA)"]
[Black "Tien Sophie  (WA)"]
[Result "1-0"]
[WhiteElo "1191"]
[BlackElo "872"]
[Annotator ""]
[Source ""]
[Remark "Booster"]

1.d4 d5 2.c4 c6 3.Nf3 Nf6 4.Qc2 Bg4 5.Ne5 e6 6.Nxg4 Nxg4 7.h3
Nf6 8.g3 Be7 9.Bg2 O-O 10.O-O Nbd7 11.Nd2 Qc7 12.e4 dxe4 13.Nxe4
Nxe4 14.Bxe4 Nf6 15.Bg2 h6 16.b3 Rfd8 17.Bb2 Rab8 18.Rac1 e5
19.Rfd1 exd4 20.Bxd4 Ra8 21.Qe2 a6 22.Qf3 b6 23.Qe3 Rab8 24.Be5
Bd6 25.Bxf6 gxf6 26.Qxh6 Bf8 27.Qxf6 Bg7 28.Qf3 Rxd1+ 29.Rxd1
Qe5 30.Qe3 Qxe3 31.fxe3 Bf8 32.Kf2 b5 33.Bf1 bxc4 34.Bxc4 Kg7
35.Ra1 Bd6 36.Bxa6 Be5 37.Rb1 Ra8 38.Be2 Rxa2 39.Kf3 Kf6 40.b4
Ra8 41.b5 Rb8 42.b6 Rb7 43.g4 Bd6 44.Ba6 Rb8 45.b7 Kg5 46.Rb5+
Kh4 47.Rh5# 1-0

[Event "Washington Open Championship"]
[Site "Seattle, WA"]
[Date "2014.05.25"]
[Round "1"]
[White "Kiiru Joseph  (WA)"]
[Black "Buck Stephen  (WA)"]
[Result "1/2-1/2"]
[WhiteElo "1860"]
[BlackElo "1731"]
[Annotator ""]
[Source ""]
[Remark "Premier"]

1.d4 d5 2.c4 c6 3.Nf3 Nf6 4.Nc3 e6 5.e3 Nbd7 6.Bd3 Be7 7.O-O
O-O 8.Qc2 dxc4 9.Bxc4 b5 10.Bd3 a6 11.e4 h6 12.e5 Nd5 13.Nxd5
cxd5 14.Bf4 Bb7 15.Rfc1 Rc8 16.Qd2 Qb6 {%02  remainder of scoresheet is illegible}
 1/2-1/2

[Event "Washington Open Championship"]
[Site "Seattle, WA"]
[Date "2014.05.24"]
[Round "2"]
[White "Anthony Ralph  (WA)"]
[Black "Tu Robin  (WA)"]
[Result "0-1"]
[WhiteElo "1707"]
[BlackElo "1711"]
[Annotator ""]
[Source ""]
[Remark "Premier"]

1.e4 d6 2.d4 Nf6 3.Nc3 g6 4.Bg5 Bg7 5.Qd2 h6 6.Bh4 Nbd7 7.f4
c5 8.Nf3 cxd4 9.Nxd4 Nc5 10.Bb5+ Bd7 11.Bxf6 Bxf6 12.Bxd7+ Qxd7
13.O-O O-O-O 14.Rae1 Kb8 15.Nd5 Bg7 16.c3 e6 17.Nb4 e5 18.Nf3
exf4 19.Nd5 g5 20.b4 Ne6 21.Nd4 Nxd4 22.cxd4 f5 23.Rc1 Qe6 24.Rc7
fxe4 25.Nxf4 Bxd4+ 26.Qxd4 gxf4 27.Rg7 Qe5 28.Qxe5 dxe5 29.Rc1
Rc8 30.Rxc8+ Rxc8 31.Re7 Rc1+ 32.Kf2 Rc2+ 33.Kf1 Rb2 34.a3 a5
35.bxa5 Rb5 36.a6 bxa6 37.Re6 Ra5 38.Rxh6 Rxa3 39.Re6 Ra1+ 40.Kf2
e3+ 41.Ke2 Ra2+ 42.Ke1 Rxg2 43.Rxe5 Rxh2 44.Rf5 Rf2 45.Rf7 a5
46.Rf5 f3 47.Rxa5 Rh2 48.Kd1 Rh1+ 49.Kc2 f2 50.Re5 f1Q 51.Rxe3
Qc1+ 52.Kd3 Qxe3+ 0-1

[Event "Washington Open Championship"]
[Site "Seattle, WA"]
[Date "2014.05.24"]
[Round "2"]
[White "Campbell Tim  (WA)"]
[Black "Hosford Michael  (WA)"]
[Result "1/2-1/2"]
[WhiteElo "1739"]
[BlackElo "1944"]
[Annotator ""]
[Source ""]
[Remark "Premier"]

1.e4 Nc6 2.Nf3 d6 3.Bb5 Nf6 4.d3 a6 5.Bxc6+ bxc6 6.h3 e6 7.O-O
Be7 8.Be3 O-O 9.c4 c5 10.Nc3 Bb7 11.a3 a5 12.Nd2 d5 13.Bg5 dxe4
14.dxe4 Nd7 15.Be3 Ne5 16.f4 Qd3 17.Qe2 Qxe2 18.Nxe2 Nc6 19.Nb3
Nd4 20.Bxd4 cxd4 21.e5 c5 22.Nec1 a4 23.Nd2 f5 24.Nd3 Bc6 25.b4
axb3 26.Nxb3 Rfc8 27.Nbxc5 Bxc5 28.Nxc5 Bxg2 29.Kxg2 Rxc5 30.Rfc1
Ra4 31.Kf2 g5 32.fxg5 Rxe5 33.c5 Re3 34.c6 Rc3 35.Rxc3 dxc3 36.Rc1
Rc4 37.Ke3 Rxc6 38.Kd3 e5 39.Rxc3 e4+ 40.Kd4 Re6 41.Ke3 Ra6 42.Kf4
Ra5 43.h4 h5 44.Rc7 Rxa3 45.Kxf5 Ra5+ 46.Kg6 Ra6+ 47.Kxh5 Re6
48.Rc2 e3 49.Re2 Kg7 50.Kg4 Re4+ 51.Kf5 Rxh4 52.Rxe3 Ra4 53.Re5
Ra6 54.Rb5 Rc6 55.Rb7+ Kg8 56.g6 Rc1 57.Rb6 Rf1+ 58.Kg5 Rg1+
59.Kf6 Rf1+ 60.Kg5 1/2-1/2

[Event "Washington Open Championship"]
[Site "Seattle, WA"]
[Date "2014.05.24"]
[Round "2"]
[White "Sinanan Joshua  (WA)"]
[Black "Gutman Richard  (OR)"]
[Result "1-0"]
[WhiteElo "2268"]
[BlackElo "2050"]
[Annotator ""]
[Source ""]
[Remark "Open"]

1.Nf3 Nf6 2.c4 e6 3.g3 a6 4.Bg2 c5 5.O-O b6 6.Nc3 Bb7 7.d4 cxd4
8.Qxd4 d6 9.Rd1 Nc6 10.Qd3 Nb4 11.Qd2 Rc8 12.b3 Qc7 13.Bb2 Nc6
14.Rac1 Na5 15.Qe3 Qc5 16.Qxc5 bxc5 17.Ng5 Bxg2 18.Kxg2 Rc6 19.Nce4
Be7 20.Nxf6+ Bxf6 21.Bxf6 gxf6 22.Ne4 Ke7 23.Rd3 f5 24.Nc3 h5
25.h4 Rg8 26.Kf3 Rcc8 27.e3 Nc6 28.Ke2 Ne5 29.Rd2 Rg4 30.Rcd1
Rc6 31.Na4 Nd7 32.Rg1 Nf6 33.Nc3 Ne4 34.Nxe4 fxe4 35.f3 exf3+
36.Kxf3 f5 37.Re1 Re4 38.Red1 a5 39.a4 Rb6 40.Rd3 e5 41.Kf2 Rg4
42.R1d2 Rg8 43.Kg2 Ke6 44.Kh3 Rgb8 45.Kh2 Rc6 46.Ra2 Rb4 47.Kg2
Rcb6 48.Ra3 e4 49.Rc3 d5 50.cxd5+ Kxd5 51.Kf2 c4 52.bxc4+ Rxc4
53.Rab3 Rbb4 54.Ke2 Rxc3 55.Rxc3 Rxa4 56.Rc8 Ra2+ 57.Kf1 a4 58.Rf8
Kc4 59.Rxf5 Kd3 60.Rxh5 Kxe3 61.Rf5 a3 62.Ra5 Kf3 63.Ke1 e3 1-0

[Event "Washington Open Championship"]
[Site "Seattle, WA"]
[Date "2014.05.25"]
[Round "3"]
[White "Sherry Christopher  (WA)"]
[Black "Fike Jason  (WA)"]
[Result "1-0"]
[WhiteElo "1654"]
[BlackElo "1503"]
[Annotator ""]
[Source ""]
[Remark "Reserve"]

1.d4 d5 2.c4 e6 3.Nc3 Bb4 4.Nf3 Nf6 5.Bg5 O-O 6.cxd5 exd5 7.e3
h6 8.Bxf6 Qxf6 9.Be2 Be6 10.a3 Bd6 11.Nb5 Bf5 12.Rc1 c6 13.Nxd6
Qxd6 14.O-O Nd7 15.Nh4 Qf6 16.Nxf5 Qxf5 17.Bg4 Qe4 18.Bxd7 f5
19.Qc2 Rf7 20.Qxe4 dxe4 21.Be6 1-0

[Event "Washington Open Championship"]
[Site "Seattle, WA"]
[Date "2014.05.24"]
[Round "2"]
[White "Raffel Brian  (WA)"]
[Black "Barua Aniruddha  (WA)"]
[Result "1-0"]
[WhiteElo "1493"]
[BlackElo "887"]
[Annotator ""]
[Source ""]
[Remark "Open"]

1.e4 c5 2.Nf3 d6 3.Bb5+ Bd7 4.Bxd7+ Qxd7 5.O-O Nc6 6.c3 Nf6 7.Re1
e6 8.d4 cxd4 9.cxd4 Be7 10.Nc3 O-O 11.Bf4 Rac8 12.Qe2 Rfe8 13.Bxd6
Bxd6 14.e5 Nd5 15.exd6 Qxd6 16.Ne4 Qe7 17.a3 Rc7 18.Rad1 Rec8
19.g3 Na5 20.Qd3 h6 21.Ne5 Nc4 22.Re2 a5 23.a4 Nb4 24.Qf3 Nd6
25.Kg2 Nf5 26.Nc3 Qg5 27.Re4 h5 28.h4 Qh6 29.Qe2 f6 30.Nf3 Nd5
31.Rxe6 Nxc3 32.Re8+ Kh7 33.bxc3 Rxc3 34.Rxc8 Rxf3 35.Qxf3 Qg6
36.Kh2 Nd6 37.Rc7 Ne4 38.d5 Nd6 39.Qd3 Nf5 40.Rxb7 Qg4 41.d6
Kh6 42.Qd2+ Kg6 43.Qf4 Qxd1 44.d7 Qd5 45.Qc7 Nd4 46.d8Q Nf3+
47.Kh3 Ng5+ 48.Kh2 Qf3 49.Qxg7+ Kf5 50.Qgxf6+ 1-0

[Event "Washington Open Championship"]
[Site "Seattle, WA"]
[Date "2014.05.24"]
[Round "2"]
[White "Kenney Jason  (CAN)"]
[Black "Smith Micah  (WA)"]
[Result "1-0"]
[WhiteElo "2060"]
[BlackElo "2023"]
[Annotator ""]
[Source ""]
[Remark "Open"]

1.c4 c6 2.g3 d5 3.Nf3 dxc4 4.Bg2 Nd7 5.Na3 Nb6 6.Qc2 Nf6 7.Nxc4
g6 8.O-O Bg7 9.Rb1 O-O 10.b4 Be6 11.Na5 Qc8 12.d3 Nfd5 13.Bd2
Bg4 14.Rfc1 e5 15.Nc4 Qe6 16.a4 Rac8 17.Ng5 Qe7 18.f3 Bd7 19.Ne4
Rfd8 20.Nc5 Be8 21.e4 Nf6 22.Be3 Nxc4 23.dxc4 Rc7 24.Nb3 b6 25.c5
b5 26.axb5 cxb5 27.Bf1 Rb8 28.Bg5 h6 29.Bxf6 Qxf6 30.Qc3 h5 31.Ra1
h4 32.Ra5 hxg3 33.hxg3 Qg5 34.Kg2 Bd7 35.Rca1 Rbb7 36.Qc1 Qh5
37.Qe1 Bh3+ 38.Kf2 Be6 39.Nd2 Bh6 40.Nb1 Qh2+ 41.Bg2 Qh5 42.Nc3
Bc4 43.Nd5 Bxd5 44.exd5 Qf5 45.R1a2 Qd3 46.Qe4 Qxe4 47.fxe4 Kg7
48.d6 Rc8 49.Bh3 1-0

[Event "Washington Open Championship"]
[Site "Seattle, WA"]
[Date "2014.05.26"]
[Round "5"]
[White "Wang Everett  (WA)"]
[Black "McCorkle Wade  (WA)"]
[Result "0-1"]
[WhiteElo "939"]
[BlackElo "1297"]
[Annotator ""]
[Source ""]
[Remark "Booster"]

1.d4 Nf6 2.c4 e6 3.Nc3 d5 4.Bg5 Nbd7 5.Nf3 c6 6.e3 h6 7.Bh4 Qa5
8.c5 Ne4 9.Qc2 b6 10.Bd3 Nxc3 11.bxc3 bxc5 12.O-O Bd6 13.Rab1
Ba6 14.Bxa6 Qxa6 15.a4 O-O 16.Ne5 Bxe5 17.dxe5 Nxe5 18.Be7 Rfc8
19.Bxc5 Nc4 20.Qd3 Qa5 21.Bd4 Rcb8 22.Rxb8+ Rxb8 23.Ra1 e5 24.Qf5
exd4 25.Qf4 Qb6 26.h3 dxc3 27.Rc1 Re8 28.Rxc3 Qb1+ 29.Kh2 Qb8
30.Qxb8 Rxb8 31.e4 Rb4 32.exd5 cxd5 33.Rd3 Rxa4 34.Rxd5 Nb6 35.Rf5
Rd4 36.Ra5 Rd7 37.f3 Rc7 38.g4 Nc4 39.Ra1 a5 40.Rc1 Rc8 41.Kg2
Nb6 42.Rb1 Nd5 43.Rb5 Rd8 44.Rxa5 g6 45.Ra1 Kg7 46.Rd1 Kf6 47.h4
Ke6 48.Re1+ Kd6 49.Rd1 Rf8 50.f4 Ra8 51.Rd3 f5 52.gxf5 gxf5 53.h5
Ra4 54.Kf3 Rxf4+ 55.Kg2 Re4 56.Rd1 Ke5 57.Ra1 Rg4+ 58.Kf3 Rh4
59.Re1+ Kd6 60.Rg1 Rxh5 61.Rg6+ Ke5 62.Rg8 Kf6 63.Rf8+ Ke6 64.Re8+
Ne7 65.Kf4 Rh4+ 66.Kg3 Rg4+ 67.Kh3 h5 68.Rh8 h4 69.Rh6+ Ng6 70.Kh2
Kf6 71.Kh3 Kg5 72.Rh7 Rg3+ 73.Kh2 Kg4 74.Rg7 Kf3 75.Kh1 Kf2 76.Kh2
Nf4 77.Ra7 Rh3# 0-1

[Event "Washington Open Championship"]
[Site "Seattle, WA"]
[Date "2014.05.26"]
[Round "6"]
[White "Buchignani Paul  (WA)"]
[Black "Jones Davey  (WA)"]
[Result "1-0"]
[WhiteElo "1556"]
[BlackElo "1678"]
[Annotator ""]
[Source ""]
[Remark "Reserve"]

1.e4 c5 2.Nc3 e6 3.f4 a6 4.Nf3 Nc6 5.g3 d5 6.d3 d4 7.Ne2 Bd6
8.Bg2 f6 9.O-O Nh6 10.c3 O-O 11.cxd4 cxd4 12.Qb3 Nf7 13.a3 Kh8
14.Qc2 Bc7 15.b4 Nh6 16.Bh3 Bb6 17.Qc4 Re8 18.f5 exf5 19.Bxh6
fxe4 20.Qf7 gxh6 21.Bxc8 Rxc8 22.Nh4 Ne5 23.Qxf6+ Kg8
( 23...Qxf6 $19 ) 24.Qxh6 Rc6 25.Qh5 Qd7 26.Rf5 Ng6 27.Qg4 Qe7
28.Nf4 exd3 29.Nd5 Qe2 30.Rf3 Kg7 {??} ( 30...d2 31.Qg5 d3+ 32.Nxb6
Rc1+ 33.Rxc1 dxc1Q+ 34.Qxc1 d2 35.Qc4+ Qxc4 36.Nxc4 d1Q+ $19 )
31.Qd7+ Kh8 32.Raf1 {=} Rc2 {??} ( 32...d2 ) 33.Nxg6+ 1-0

[Event "Washington Open Championship"]
[Site "Seattle, WA"]
[Date "2014.05.26"]
[Round "5"]
[White "Getz Nate  (WA)"]
[Black "Buchignani Paul  (WA)"]
[Result "1-0"]
[WhiteElo "1602"]
[BlackElo "1455"]
[Annotator ""]
[Source ""]
[Remark "Reserve"]

1.d4 Nf6 2.c4 e6 3.Nf3 Bb4+ 4.Bd2 Qe7 5.g3 Nc6 6.Bg2 O-O 7.O-O
b6 8.a3 Bxd2 9.Qxd2 Bb7 10.Nc3 Na5 11.Qd3 Ba6 12.Nd2 d5 13.b3
Rad8 14.Rfb1 c5 15.e3 Nc6 16.Ne2 cxd4 17.exd4 dxc4 18.bxc4 Qd7
19.Bxc6 Qxc6 20.Qc3 Bb7 21.f3 Rfe8 22.a4 g5 23.Qe3 h6 24.Rb3
Ng4 25.Qe4 Nf6 26.Qxc6 Bxc6 27.a5 Rb8 28.axb6 Rxb6 29.Rba3 Rb2
30.R1a2 Rxa2 31.Rxa2 Ra8 32.Kf2 a5 33.Nb3 a4 34.Nc5 Kf8 35.Ra3
Nd7 36.Nd3 Ke7 37.Nc3 Nb6 38.Ne5 Be8 39.c5 Nd5 40.Nxd5+ exd5
41.Ke3 f6 42.Nd3 Rb8 43.f4 Bg6 {?!} 44.fxg5 hxg5 45.Kd2 Rb3 46.Rxb3
axb3 47.Kc3 Bxd3 48.Kxd3 b2 {??} ( 48...f5 $19 ) 49.Kc2 b1Q+
50.Kxb1 f5 51.Kc2 Kd7 52.Kd3 Kc6 53.Ke3 Kd7 54.h4 1-0

[Event "Washington Open Championship"]
[Site "Seattle, WA"]
[Date "2014.05.25"]
[Round "2"]
[White "Bartron Paul  (WA)"]
[Black "Rupel David  (WA)"]
[Result "1-0"]
[WhiteElo "2137"]
[BlackElo "2163"]
[Annotator ""]
[Source ""]
[Remark "Open"]

1.e4 c5 2.Nf3 g6 3.d4 cxd4 4.Nxd4 Nf6 5.f3 Nc6 6.c4 Bg7 7.Nc2
O-O 8.Nc3 d6 9.Be3 b6 10.Be2 Ne5 11.Qd2 Re8 12.O-O Bb7 13.Rac1
Rc8 14.b3 Bc6 15.Rfd1 h5 16.Nb4 Bb7 17.Nbd5 Nxd5 18.Nxd5 Kh7
19.a4 Nd7 20.b4 a5 21.Rb1 Bc6 22.bxa5 bxa5 23.Bb6 Nxb6 24.Nxb6
Rb8 25.Qxa5 Qc7 26.Qb4 Rxb6 27.Qxb6 Qxb6+ 28.Rxb6 Bxa4 29.Rd5
Rc8 30.Kf1 Bd7 31.Ra5 Be6 32.Rb7 Bf6 33.Ra4 Rc5 34.Bd3 Bc8 35.Rb5
Rc7 36.Rba5 Be6 37.Ke2 Bd4 38.f4 Bd7 39.Ra2 Bb6 40.Ra6 Bd4 41.h3
Kg7 42.Ra8 Bc8 43.Rb8 Be6 44.f5 Bd7 45.g4 hxg4 46.hxg4 gxf5 47.gxf5
Kf6 48.Kf3 e6 49.Ra6 Be5 50.Kg4 exf5+ 51.Kf3 Bc6 52.Rb4 Ke6 53.Ke3
fxe4 54.Bxe4 Bxe4 55.Kxe4 f5+ 56.Kf3 Bd4 57.Ra8 Rc5 58.Re8+ Kd7
59.Rf8 Ke7 60.Ra8 Kd7 61.Ra7+ Ke6 62.Rh7 Bf6 63.Rh6 Rc8 64.Ke3
Rc7 65.Kd3 Kf7 66.Rh7+ Bg7 67.Rb6 Rd7 68.Rb5 Kg6 69.Rh1 Be5 70.Rd5
Rc7 71.Re1 Kf6 72.c5 Rxc5 73.Rexe5 1-0